[Event "Gelfand Challenge 2021"]
[Site "chess24.com INT"]
[Date "2021.06.13"]
[Round "17.4"]
[White "Yoo, Christopher Woojin"]
[Black "Bjerre, Jonas Buhl"]
[Result "0-1"]
[WhiteTitle "IM"]
[BlackTitle "GM"]
[WhiteElo "2457"]
[BlackElo "2542"]
[WhiteFideId "30909694"]
[BlackFideId "1444948"]
[EventDate "2021.06.10"]

1. e4 c5 2. Nf3 d6 3. d4 cxd4 4. Nxd4 Nf6 5. Nc3 a6 6. Bg5 Nbd7 7. Qe2 b5 8.
O-O-O Bb7 9. f4 Rc8 10. Nd5 Qa5 11. a3 e6 12. Bxf6 gxf6 13. Nb4 Nc5 14. e5 dxe5
15. fxe5 Ne4 16. Nbc6 Bxc6 17. Nxc6 Bh6+ 18. Kb1 Nd2+ 19. Rxd2 Qxd2 20. Qf3 Qf4
21. Qxf4 Bxf4 22. Nb4 fxe5 23. Nxa6 Ke7 24. Bxb5 Rhd8 25. Nb4 Rd2 26. g3 Bh6 27.
a4 e4 28. a5 Kd6 29. c3 Rc5 30. c4 e3 31. Re1 e2 32. Ka2 Bg7 33. Ka3 Bxb2+ 34.
Kb3 Bd4 35. a6 Rb2+ 36. Ka3 Bc3 37. Nd3 Bxe1 38. Kxb2 Bf2 39. a7 Rc8 40. Ba6 Ra8 0-1

[Event "Gelfand Challenge 2021"]
[Site "chess24.com INT"]
[Date "2021.06.13"]
[Round "17.5"]
[White "Gukesh, D"]
[Black "Praggnanandhaa, R"]
[Result "1-0"]
[WhiteTitle "GM"]
[BlackTitle "GM"]
[WhiteElo "2578"]
[BlackElo "2608"]
[WhiteFideId "46616543"]
[BlackFideId "25059530"]
[EventDate "2021.06.10"]

1. d4 Nf6 2. Nf3 d5 3. c4 e6 4. Nc3 dxc4 5. e4 b5 6. e5 Nd5 7. Nxb5 Nb6 8. Be2
Nc6 9. Be3 Be7 10. h4 Nb4 11. Nc3 N4d5 12. Bd2 Nxc3 13. bxc3 Bb7 14. h5 h6 15.
Rh3 Qd7 16. Rg3 Bf8 17. Be3 Bd5 18. a4 a5 19. Nd2 Rb8 20. Rb1 Ra8 21. Ra1 Qc6
22. Kf1 Nc8 23. Qb1 Nb6 24. Ra2 Nxa4 25. Qa1 Nb6 26. Rxa5 Rxa5 27. Qxa5 Qa4 28.
Nxc4 Bxc4 29. Qxa4+ Nxa4 30. Bxc4 Nxc3 31. Bc1 Nd5 32. Rb3 Nb6 33. Bb5+ Kd8 34.
Rf3 Ke7 35. Rc3 Kd8 36. Rf3 Ke7 37. Bf4 Nd5 38. Bg3 f5 39. Ra3 Nb6 40. Bh4+ Kf7
41. Ra7 Be7 42. Bxe7 Nc8 43. Bc5 Nxa7 44. Bxa7 Ra8 45. Bc5 Ra1+ 46. Ke2 Rh1 47.
Bc4 c6 48. Ba6 Rxh5 49. Bb7 Rh1 50. Bxc6 Rc1 51. Kd2 Rf1 52. d5 Ra1 53. d6 Ra2+
54. Kc3 Ra5 55. Kb4 Ra1 56. d7 Rb1+ 57. Ka5 Rd1 58. Bd6 1-0

[Event "Gelfand Challenge 2021"]
[Site "chess24.com INT"]
[Date "2021.06.13"]
[Round "17.6"]
[White "Badelka, Olga"]
[Black "Mendonca, Leon Luke"]
[Result "1/2-1/2"]
[WhiteTitle "IM"]
[BlackTitle "GM"]
[WhiteElo "2418"]
[BlackElo "2549"]
[WhiteFideId "13509926"]
[BlackFideId "35028561"]
[EventDate "2021.06.10"]

1. d4 Nf6 2. c4 e6 3. Nc3 Bb4 4. e3 O-O 5. Bd2 b6 6. Bd3 Bb7 7. Nf3 d6 8. O-O
Nbd7 9. a3 Bxc3 10. Bxc3 Ne4 11. Be1 Qe7 12. Nd2 Nef6 13. f3 c5 14. Bh4 Rfd8 15.
Qe2 Nf8 16. Rac1 Ng6 17. Bf2 Rac8 18. Bxg6 hxg6 19. e4 e5 20. d5 Nh5 21. g3 Rb8
22. Be3 Bc8 23. b4 Bd7 24. Rb1 a5 25. bxa5 bxa5 26. Rxb8 Rxb8 27. Rb1 Qd8 28.
Qd1 f5 29. Rxb8 Qxb8 30. Qb3 Qc7 31. Bg5 Kf7 32. Nb1 Nf6 33. Nc3 Nh7 34. Bd2 Nf6
35. Kf2 fxe4 36. fxe4 Ng4+ 37. Kg1 Nf6 38. Bg5 Qa7 39. a4 Qc7 40. Bd2 Ke7 41.
Bg5 Kf7 42. Bd2 Ke7 43. Bg5 Qa7 44. Bd2 Qc7 1/2-1/2

[Event "Gelfand Challenge 2021"]
[Site "chess24.com INT"]
[Date "2021.06.13"]
[Round "17.7"]
[White "Salimova, Nurgyul"]
[Black "Zhu, Jiner"]
[Result "0-1"]
[WhiteTitle "IM"]
[BlackTitle "WGM"]
[WhiteElo "2395"]
[BlackElo "2462"]
[WhiteFideId "2915138"]
[BlackFideId "8608059"]
[EventDate "2021.06.10"]

1. d4 Nf6 2. Nf3 e6 3. c4 d5 4. g3 Bb4+ 5. Bd2 Be7 6. Bg2 O-O 7. O-O c6 8. Bf4
b6 9. cxd5 cxd5 10. Nc3 Nc6 11. Rc1 Bb7 12. Qd3 Rc8 13. Rfd1 a6 14. Ne5 b5 15.
Nxc6 Bxc6 16. Nb1 Qb6 17. Nd2 b4 18. Nb3 Bb5 19. Qe3 Rfe8 20. Bf3 Nd7 21. Rxc8
Rxc8 22. Bxd5 Rc2 23. Rd2 Rxd2 24. Nxd2 Bf6 25. Bb3 Bxd4 26. Qf3 Bc6 27. e4 Qc5
28. Nc4 Nf6 29. Bd6 Qa7 30. Nd2 Qb7 31. Bc2 Bxb2 32. Nc4 Bc3 33. Na5 Bxe4 34.
Qe3 Qd5 35. Bxe4 Nxe4 36. Qa7 h6 37. Qb8+ Kh7 38. Bxb4 Qd4 0-1

[Event "Gelfand Challenge 2021"]
[Site "chess24.com INT"]
[Date "2021.06.13"]
[Round "17.8"]
[White "Liang, Awonder"]
[Black "Nihal, Sarin"]
[Result "0-1"]
[WhiteTitle "GM"]
[BlackTitle "GM"]
[WhiteElo "2592"]
[BlackElo "2620"]
[WhiteFideId "2056437"]
[BlackFideId "25092340"]
[EventDate "2021.06.10"]

1. e4 e5 2. Nf3 Nc6 3. Bb5 a6 4. Ba4 Nf6 5. O-O d6 6. Re1 b5 7. Bb3 Na5 8. d4
Nxb3 9. axb3 Bb7 10. dxe5 Nxe4 11. Nc3 d5 12. Qe2 Bb4 13. Bd2 Nxd2 14. Qxd2 O-O
15. Re2 Qd7 16. Rd1 Rad8 17. Qf4 Be7 18. Red2 Qe6 19. Nd4 Qg6 20. h4 Rfe8 21.
Rd3 Bc8 22. h5 Qxh5 23. Nc6 Bg5 24. Qg3 Rd7 25. Nxd5 Bb7 26. Na5 Bxd5 27. Rxd5
Rxd5 28. Rxd5 h6 29. f4 Be7 30. Nc6 Bf8 31. Rd7 Bc5+ 32. Kf1 Re6 33. Nd4 Rg6 34.
Qf3 Qh1+ 35. Kf2 Qc1 36. Qe4 Qd2+ 37. Kf1 Qd1+ 38. Kf2 Qg4 39. Rd8+ Kh7 40. c3
b4 41. Qf3 Qh4+ 42. Kf1 Qxd8 0-1

[Event "Gelfand Challenge 2021"]
[Site "chess24.com INT"]
[Date "2021.06.13"]
[Round "17.9"]
[White "Khademalsharieh, Sarasadat"]
[Black "Yip, Carissa"]
[Result "1-0"]
[WhiteTitle "IM"]
[BlackTitle "IM"]
[WhiteElo "2494"]
[BlackElo "2430"]
[WhiteFideId "12512214"]
[BlackFideId "2090732"]
[EventDate "2021.06.10"]

1. d4 g6 2. c4 Bg7 3. g3 e6 4. Nf3 Ne7 5. Bg2 d5 6. cxd5 exd5 7. O-O O-O 8. Nc3
Nbc6 9. Bf4 a6 10. h4 Nf5 11. e3 Nce7 12. Be5 Bh6 13. Bf4 Bxf4 14. exf4 c6 15.
Qd2 Nd6 16. Ne5 Nef5 17. Ne2 Qb6 18. Rad1 Be6 19. b3 Rae8 20. Nc3 Qa5 21. Nxd5
Qxd2 22. Nf6+ Kh8 23. Rxd2 Rd8 24. d5 cxd5 25. Nxd5 Nb5 26. Rfd1 Rc8 27. Nb6 Rc7
28. Rd8 Kg7 29. Rxf8 Kxf8 30. Rd8+ Ke7 31. Rb8 Nfd6 32. Bd5 Rc1+ 33. Kg2 Bxd5+
34. Nxd5+ Ke6 35. Nb6 Rc2 36. a4 Nd4 37. Nbc4 Nxc4 38. bxc4 f6 39. Nd3 Rxc4 40.
Rxb7 h5 41. Rb6+ Kf5 42. Rxa6 Rc2 43. Nb4 Rc5 44. Rd6 Nb3 45. Nd5 1-0

[Event "Gelfand Challenge 2021"]
[Site "chess24.com INT"]
[Date "2021.06.13"]
[Round "17.10"]
[White "Murzin, Volodar"]
[Black "Abdusattorov, Nodirbek"]
[Result "1/2-1/2"]
[WhiteTitle "IM"]
[BlackTitle "GM"]
[WhiteElo "2502"]
[BlackElo "2634"]
[WhiteFideId "44155573"]
[BlackFideId "14204118"]
[EventDate "2021.06.10"]

1. e4 c6 2. Nf3 d5 3. d3 Bg4 4. Nbd2 e6 5. h3 Bxf3 6. Qxf3 Nd7 7. g3 Bc5 8. Bg2
Ne7 9. O-O O-O 10. Qe2 a5 11. a4 e5 12. Nf3 Qc7 13. h4 Rfe8 14. Bh3 Bd6 15. Kh1
h6 16. Rg1 Nc5 17. Bd2 b5 18. g4 dxe4 19. dxe4 Ng6 20. g5 h5 21. Bf5 Ne6 22.
axb5 cxb5 23. Qxb5 Reb8 24. Qd5 Ngf4 25. Qa2 g6 26. Bxe6 Nxe6 27. Bc3 Nf4 28.
Rad1 Qd7 29. Rg3 Ne2 30. Nxe5 Nxg3+ 31. Kg2 Qe6 32. Qxe6 fxe6 33. Rxd6 Nxe4 34.
Rxe6 Nxc3 35. Rxg6+ Kh7 36. Rh6+ Kg7 37. Rg6+ Kh8 38. Rh6+ Kg8 39. Rg6+ Kh7 40.
Rh6+ Kg7 41. Rg6+ Kh7 1/2-1/2

[Event "Gelfand Challenge 2021"]
[Site "chess24.com INT"]
[Date "2021.06.13"]
[Round "18.1"]
[White "Keymer, Vincent"]
[Black "Abdusattorov, Nodirbek"]
[Result "0-1"]
[WhiteTitle "GM"]
[BlackTitle "GM"]
[WhiteElo "2591"]
[BlackElo "2634"]
[WhiteFideId "12940690"]
[BlackFideId "14204118"]
[EventDate "2021.06.10"]

1. c4 c5 2. Nf3 Nf6 3. Nc3 Nc6 4. g3 d5 5. cxd5 Nxd5 6. Bg2 Nxc3 7. bxc3 e5 8.
d3 Be7 9. O-O O-O 10. Qa4 Qc7 11. Nd2 Bd7 12. Qc2 b5 13. a4 b4 14. Bb2 Rac8 15.
Rfd1 a5 16. Nc4 Be6 17. Rac1 f6 18. Ne3 Rfd8 19. c4 Nd4 20. Bxd4 cxd4 21. Nf1 f5
22. Re1 Bg5 23. Rcd1 e4 24. dxe4 Qxc4 25. Qxc4 Bxc4 26. exf5 Bb3 27. Ra1 Bc2 28.
f4 Bf6 29. Nd2 d3 30. e4 Bc3 31. Rad1 Bxd1 32. Rxd1 Bxd2 33. Rxd2 b3 34. e5 Rc2 0-1

[Event "Gelfand Challenge 2021"]
[Site "chess24.com INT"]
[Date "2021.06.13"]
[Round "18.2"]
[White "Yip, Carissa"]
[Black "Murzin, Volodar"]
[Result "0-1"]
[WhiteTitle "IM"]
[BlackTitle "IM"]
[WhiteElo "2430"]
[BlackElo "2502"]
[WhiteFideId "2090732"]
[BlackFideId "44155573"]
[EventDate "2021.06.10"]

1. Nf3 Nf6 2. g3 g6 3. Bg2 Bg7 4. c4 O-O 5. O-O d6 6. d4 Nc6 7. Nc3 Bf5 8. b3
Ne4 9. Bb2 Nxc3 10. Bxc3 e5 11. d5 Ne7 12. Nd2 Qd7 13. e4 Bh3 14. Rc1 Bxg2 15.
Kxg2 f5 16. f3 g5 17. b4 h5 18. c5 Ng6 19. Qe2 f4 20. Nc4 Rf7 21. Bd2 Raf8 22.
Na5 g4 23. Rc3 gxf3+ 24. Rcxf3 Qg4 25. h3 Nh4+ 26. Kg1 Nxf3+ 27. Rxf3 Qxh3 28.
gxf4 Qg4+ 29. Kf1 exf4 30. Nc4 Bd4 0-1

[Event "Gelfand Challenge 2021"]
[Site "chess24.com INT"]
[Date "2021.06.13"]
[Round "18.3"]
[White "Nihal, Sarin"]
[Black "Khademalsharieh, Sarasadat"]
[Result "1-0"]
[WhiteTitle "GM"]
[BlackTitle "IM"]
[WhiteElo "2620"]
[BlackElo "2494"]
[WhiteFideId "25092340"]
[BlackFideId "12512214"]
[EventDate "2021.06.10"]

1. e4 e5 2. Nf3 Nc6 3. Nc3 Nf6 4. a4 g6 5. Bc4 Bg7 6. d3 d6 7. h3 h6 8. Be3 O-O
9. Qd2 Kh7 10. g4 Ng8 11. O-O-O Nd4 12. Bxd4 exd4 13. Ne2 c5 14. h4 Bxg4 15.
Ng5+ hxg5 16. hxg5+ Nh6 17. Rdg1 Bxe2 18. Qxe2 Qd7 19. f4 Qxa4 20. Kb1 Qd7 21.
f5 1-0

[Event "Gelfand Challenge 2021"]
[Site "chess24.com INT"]
[Date "2021.06.13"]
[Round "18.4"]
[White "Zhu, Jiner"]
[Black "Liang, Awonder"]
[Result "0-1"]
[WhiteTitle "WGM"]
[BlackTitle "GM"]
[WhiteElo "2462"]
[BlackElo "2592"]
[WhiteFideId "8608059"]
[BlackFideId "2056437"]
[EventDate "2021.06.10"]

1. e4 d5 2. exd5 Qxd5 3. Nc3 Qd8 4. d4 Nf6 5. Nf3 g6 6. Bc4 Bg7 7. h3 O-O 8. O-O
a6 9. a4 b6 10. Re1 Nc6 11. Bg5 Bb7 12. Qd2 Qd6 13. Rad1 Rad8 14. Qe2 Nb4 15.
Ne5 e6 16. Nb1 h6 17. Bc1 a5 18. c3 Nbd5 19. Na3 Qe7 20. Bd3 Nd7 21. Nac4 Qf6
22. Ng4 Qh4 23. Kh2 Kh7 24. g3 Qh5 25. Nce5 N7f6 26. c4 Nxg4+ 27. Nxg4 f5 28.
Ne5 Qxe2 29. Bxe2 Nb4 30. Bf3 Ba6 31. Nc6 Nxc6 32. Bxc6 Bxc4 33. Bf4 Rxd4 34.
Rxd4 Bxd4 35. Rc1 Ba6 36. Bxc7 Bxf2 37. Rd1 Bc8 38. Be5 Bc5 39. Kg2 g5 40. Kf3
Kg6 41. b3 h5 42. Rd3 Be7 43. Rd1 Rd8 44. Rxd8 Bxd8 45. Bd6 g4+ 46. hxg4 hxg4+
47. Ke3 Bg5+ 48. Kd4 Bf6+ 49. Ke3 Bd8 50. Be5 Be7 51. Be8+ Kg5 52. Bc7 Bc5+ 53.
Kd2 Kf6 54. Kd3 e5 55. Kc4 Be6+ 56. Kb5 Bxb3 0-1

[Event "Gelfand Challenge 2021"]
[Site "chess24.com INT"]
[Date "2021.06.13"]
[Round "18.5"]
[White "Mendonca, Leon Luke"]
[Black "Salimova, Nurgyul"]
[Result "1-0"]
[WhiteTitle "GM"]
[BlackTitle "IM"]
[WhiteElo "2549"]
[BlackElo "2395"]
[WhiteFideId "35028561"]
[BlackFideId "2915138"]
[EventDate "2021.06.10"]

1. d4 d5 2. Nf3 Nf6 3. c4 c6 4. e3 e6 5. Nc3 Nbd7 6. Qc2 Bd6 7. Bd3 dxc4 8. Bxc4
b5 9. Be2 Bb7 10. O-O O-O 11. e4 e5 12. dxe5 Nxe5 13. Nd4 Neg4 14. Nf5 Bxh2+ 15.
Kh1 Bb8 16. Bg5 Qc7 17. f4 b4 18. e5 bxc3 19. exf6 gxf6 20. Qxc3 Ne5 21. Bxf6 1-0

[Event "Gelfand Challenge 2021"]
[Site "chess24.com INT"]
[Date "2021.06.13"]
[Round "18.6"]
[White "Praggnanandhaa, R"]
[Black "Badelka, Olga"]
[Result "1/2-1/2"]
[WhiteTitle "GM"]
[BlackTitle "IM"]
[WhiteElo "2608"]
[BlackElo "2418"]
[WhiteFideId "25059530"]
[BlackFideId "13509926"]
[EventDate "2021.06.10"]

1. d4 Nf6 2. c4 e6 3. Nc3 Bb4 4. Nf3 O-O 5. Bg5 h6 6. Bh4 d5 7. e3 c5 8. cxd5
exd5 9. dxc5 Be6 10. Be2 Nc6 11. O-O Bxc5 12. Rc1 Be7 13. Qa4 Qb6 14. Qb5 Rfd8
15. Rfd1 Qxb5 16. Nxb5 g5 17. Bg3 Ne4 18. Nfd4 Nxg3 19. hxg3 Nxd4 20. Nxd4 Rac8
21. f4 Bf6 22. Kf2 Bxd4 23. exd4 Kg7 24. Bd3 Kf6 25. Rh1 Rxc1 26. Rxc1 Rc8 27.
Rh1 Kg7 28. Kf3 Bd7 29. Ke3 a6 30. Kd2 Bb5 31. Bxb5 axb5 32. fxg5 hxg5 33. Re1
Rc4 34. Kd3 Ra4 35. Re5 Rxa2 36. Kc3 Ra4 37. Rxg5+ Kf6 38. Rxd5 Rc4+ 39. Kd3 Rb4
40. Kc3 Rc4+ 41. Kd3 Rb4 42. Kc2 Rc4+ 43. Kb1 b4 44. Rd7 Ke6 45. Rxb7 Rxd4 46.
Ka2 Rg4 47. Kb3 Rxg3+ 48. Kxb4 Rxg2 49. Kc3 1/2-1/2

[Event "Gelfand Challenge 2021"]
[Site "chess24.com INT"]
[Date "2021.06.13"]
[Round "18.7"]
[White "Bjerre, Jonas Buhl"]
[Black "Gukesh, D"]
[Result "0-1"]
[WhiteTitle "GM"]
[BlackTitle "GM"]
[WhiteElo "2542"]
[BlackElo "2578"]
[WhiteFideId "1444948"]
[BlackFideId "46616543"]
[EventDate "2021.06.10"]

1. d4 Nf6 2. c4 g6 3. Nc3 Bg7 4. e4 d6 5. Nf3 O-O 6. Be2 e5 7. O-O Na6 8. Be3
Qe8 9. dxe5 dxe5 10. Rb1 Ng4 11. Bc1 Nc5 12. b4 Ne6 13. Ba3 c6 14. b5 c5 15. Nd5
f5 16. exf5 gxf5 17. h3 Nh6 18. Qc1 Kh8 19. Ng5 Nd4 20. Bd1 b6 21. Nc7 Qg6 22.
Nxa8 f4 23. h4 Bf5 24. Ra1 Rxa8 25. Re1 Rf8 26. Bf3 Nf7 27. Nxf7+ Rxf7 28. Bd5
Rd7 29. Bb2 Rxd5 30. cxd5 Bh3 31. g3 Nf3+ 32. Kh1 fxg3 33. fxg3 Qxg3 34. Qc2
Bg2+ 35. Qxg2 Qxh4+ 36. Qh3 Qxh3# 0-1

[Event "Gelfand Challenge 2021"]
[Site "chess24.com INT"]
[Date "2021.06.13"]
[Round "18.8"]
[White "Lei, Tingjie"]
[Black "Yoo, Christopher Woojin"]
[Result "1/2-1/2"]
[WhiteTitle "GM"]
[BlackTitle "IM"]
[WhiteElo "2505"]
[BlackElo "2457"]
[WhiteFideId "8605114"]
[BlackFideId "30909694"]
[EventDate "2021.06.10"]

1. d4 Nf6 2. c4 e6 3. g3 d5 4. Nf3 Be7 5. Bg2 O-O 6. O-O dxc4 7. Qc2 b5 8. a4
Bb7 9. axb5 a6 10. bxa6 Nxa6 11. Qxc4 Bd5 12. Qc3 c5 13. Be3 Ne4 14. Qe1 Nb4 15.
Rxa8 Qxa8 16. Nc3 Nc2 17. Qc1 Nxe3 18. Qxe3 cxd4 19. Qxd4 Bf6 20. Qe3 Nxc3 21.
bxc3 Rc8 22. Rc1 Bxc3 23. Nh4 Bxg2 24. Nxg2 e5 25. Nh4 Bd4 26. Rxc8+ Qxc8 27.
Qe4 g6 28. Nf3 Qc5 29. e3 Bc3 30. Qd3 h6 31. g4 Qc6 32. Kg2 Kg7 33. Qc2 Qe6 34.
h3 Bb4 35. Qe4 Bd6 36. Nd2 Bc7 37. Qc2 Qd5+ 38. e4 Qd7 39. Nc4 Qc6 40. Ne3 Qxc2
41. Nxc2 Kf6 42. Ne3 Ke6 43. Nd5 Bd6 44. Kf3 f5 45. gxf5+ gxf5 46. Ne3 fxe4+ 47.
Kxe4 Bc5 48. Ng4 h5 49. Nxe5 Bxf2 50. Nf3 Bg3 51. Ng5+ Kf6 52. Nf3 h4 53. Nxh4
Bxh4 54. Kf4 Kg6 55. Kg4 Bd8 56. h4 Be7 57. h5+ Kh6 58. Kf5 Bf6 59. Kxf6 Kxh5 1/2-1/2

[Event "Gelfand Challenge 2021"]
[Site "chess24.com INT"]
[Date "2021.06.13"]
[Round "18.9"]
[White "Abdumalik, Zhansaya"]
[Black "Saduakassova, Dinara"]
[Result "1-0"]
[WhiteTitle "IM"]
[BlackTitle "IM"]
[WhiteElo "2472"]
[BlackElo "2500"]
[WhiteFideId "13703544"]
[BlackFideId "13700090"]
[EventDate "2021.06.10"]

1. e4 e5 2. Nf3 Nc6 3. Bc4 Bc5 4. O-O Nf6 5. d3 a6 6. c3 d6 7. Nbd2 O-O 8. h3 h6
9. b4 Ba7 10. a4 Ne7 11. Re1 Ng6 12. Nf1 c6 13. Ng3 a5 14. b5 Bc5 15. d4 exd4
16. Nxd4 d5 17. exd5 Nxd5 18. Qh5 Qh4 19. bxc6 bxc6 20. Qxh4 Nxh4 21. Nxc6 Be6
22. Ne4 Nxc3 23. Nxc3 Bxc4 24. Re4 Rfe8 25. Rxc4 Re1+ 26. Kh2 Bxf2 27. Bb2 Rae8
28. Rxe1 Rxe1 29. Re4 Rf1 30. Ne2 Re1 31. Bd4 Bxd4 32. Ncxd4 g5 33. Re5 f5 34.
g3 Ng6 35. Rxf5 1-0

[Event "Gelfand Challenge 2021"]
[Site "chess24.com INT"]
[Date "2021.06.13"]
[Round "18.10"]
[White "Shuvalova, Polina"]
[Black "Mammadzada, Gunay"]
[Result "0-1"]
[WhiteTitle "IM"]
[BlackTitle "IM"]
[WhiteElo "2489"]
[BlackElo "2443"]
[WhiteFideId "24171760"]
[BlackFideId "13403729"]
[EventDate "2021.06.10"]

1. e4 c5 2. Nf3 d6 3. d4 cxd4 4. Nxd4 Nf6 5. Nc3 a6 6. Be2 e5 7. Nb3 Be7 8. O-O
O-O 9. Qd3 b6 10. a4 Bb7 11. Nd5 Nxd5 12. exd5 a5 13. Kh1 Nd7 14. c4 Rc8 15. Qh3
Ba6 16. Nd2 Nc5 17. b3 Bg5 18. Bd1 f5 19. Bc2 e4 20. g4 Qf6 21. Rb1 Bxd2 22.
Bxd2 f4 23. Bc3 Qg5 24. f3 Rce8 25. Rbe1 Bc8 26. fxe4 Bxg4 27. Qg2 Qh5 28. Rf2
g6 29. Rg1 Bh3 30. Qf3 Qxf3+ 31. Rxf3 Bc8 32. Re1 Nd7 33. Bd4 Re7 34. h4 Ne5 35.
Rf2 Nd7 36. Ref1 Ref7 37. Rg1 f3 38. h5 Rf4 39. hxg6 Ne5 40. gxh7+ Kh8 41. Rg5
Re8 42. Kg1 Bh3 43. Rg3 Bd7 44. Bxb6 Bg4 45. Bd4 Kxh7 46. Rh2+ Kg6 47. Be3 Rf7
48. Kf2 Rg7 49. Rh6+ Kf7 50. Rxd6 Rh8 51. Rh6 Rxh6 52. Bxh6 Rh7 53. Bf4 Rh2+ 54.
Ke3 f2 55. Bd3 Nxd3 56. Rxg4 f1=Q 57. Bxh2 Qf2+ 58. Kxd3 Qf3+ 59. Kd4 Qxg4 60.
Bc7 Qd1+ 61. Kc5 Qxb3 62. Bxa5 Qxa4 63. Bc7 Qa3+ 64. Kb5 Qb3+ 65. Kc5 Qe3+ 66.
Kc6 Qxe4 67. c5 Ke7 68. Bd6+ Kd8 69. Bc7+ Kc8 70. Bd6 Qa4+ 71. Kb6 Qb3+ 0-1

[Event "Gelfand Challenge 2021"]
[Site "chess24.com INT"]
[Date "2021.06.13"]
[Round "19.1"]
[White "Mammadzada, Gunay"]
[Black "Keymer, Vincent"]
[Result "0-1"]
[WhiteTitle "IM"]
[BlackTitle "GM"]
[WhiteElo "2443"]
[BlackElo "2591"]
[WhiteFideId "13403729"]
[BlackFideId "12940690"]
[EventDate "2021.06.10"]

1. e4 c5 2. Nf3 d6 3. d4 cxd4 4. Nxd4 Nf6 5. Nc3 a6 6. h3 e5 7. Nde2 h5 8. Bg5
Be6 9. Bxf6 Qxf6 10. Nd5 Qd8 11. Nec3 g6 12. Bc4 Bh6 13. Qd3 Nc6 14. O-O O-O 15.
Bb3 Nd4 16. Rad1 Rc8 17. Ne3 Qh4 18. Ne2 Bxb3 19. cxb3 Nxe2+ 20. Qxe2 Qxe4 21.
Rxd6 Bxe3 22. Qxe3 Qxe3 23. fxe3 Rfd8 24. Rxd8+ Rxd8 25. Rf2 Rd1+ 26. Kh2 Re1
27. Rc2 Rxe3 28. Rc7 Re2 29. Rxb7 Rxb2 30. Re7 Re2 31. a4 Kg7 32. Kg3 Kf6 33.
Rb7 Re3+ 34. Kf2 Rc3 35. b4 Rb3 36. h4 Ke6 37. a5 f6 38. Rb6+ Kf5 39. Ke2 e4 40.
Kd2 Rb2+ 41. Ke3 Ke5 42. g3 Rb3+ 43. Kf2 Kf5 44. Ke2 g5 45. Kf2 gxh4 46. gxh4
Ke5 47. Ke2 f5 48. Rxa6 Rxb4 49. Rh6 Rb2+ 50. Ke1 Ra2 51. Rxh5 Rxa5 52. Rh8 Kf4
53. Rg8 Kf3 54. Kd2 e3+ 55. Kd3 f4 0-1

[Event "Gelfand Challenge 2021"]
[Site "chess24.com INT"]
[Date "2021.06.13"]
[Round "19.2"]
[White "Saduakassova, Dinara"]
[Black "Shuvalova, Polina"]
[Result "1/2-1/2"]
[WhiteTitle "IM"]
[BlackTitle "IM"]
[WhiteElo "2500"]
[BlackElo "2489"]
[WhiteFideId "13700090"]
[BlackFideId "24171760"]
[EventDate "2021.06.10"]

1. Nf3 Nf6 2. c4 e6 3. g3 d5 4. Bg2 Be7 5. O-O O-O 6. d4 dxc4 7. Qc2 a6 8. a4
Bd7 9. Qxc4 Bc6 10. Bf4 Bd6 11. Qc1 Nbd7 12. Nc3 a5 13. Re1 Bxf4 14. Qxf4 Bxf3
15. Bxf3 c6 16. h4 Nb6 17. h5 h6 18. Red1 Qe7 19. Kg2 Rfd8 20. Rd3 Rd7 21. Ne4
Nxe4 22. Bxe4 Rad8 23. Qd2 Nd5 24. Bxd5 Rxd5 25. Rh1 Qd6 26. Rh4 c5 27. dxc5 Qc6
28. Rxd5 Rxd5 29. Qf4 Rxh5+ 30. Qf3 Rxc5 31. b4 Rd5 32. bxa5 Qc5 33. Re4 Qxa5
34. Rc4 Rd7 35. Rc8+ Kh7 36. Qe4+ g6 37. Qc4 Qe5 38. Ra8 Rc7 39. Qb4 Qd5+ 40. e4
Qc5 41. Qb2 e5 42. Rb8 Qe7 43. Qb5 Kg7 44. Re8 Qd6 45. Rxe5 Qf6 46. Rc5 Re7 47.
e5 Qf5 48. Qb2 Kh7 49. a5 h5 50. Qd4 Rd7 51. Rd5 Re7 52. Rc5 Qe6 53. Qd6 Kg7 54.
Qxe6 Rxe6 55. Rb5 Ra6 56. f4 g5 57. f5 Kh6 58. Kf3 Kg7 59. Ke4 Ra8 60. Rxb7 Rxa5
61. e6 Ra4+ 62. Kf3 Ra3+ 63. Kg2 Ra2+ 64. Kf1 Ra1+ 65. Ke2 Ra2+ 66. Ke3 Ra3+ 67.
Kd4 Ra4+ 68. Ke5 Ra5+ 69. Kd6 Ra6+ 70. Ke7 fxe6 71. f6+ Kg6 72. f7 Ra8 73. f8=Q
Rxf8 74. Kxf8 Kf5 75. Rb4 e5 76. Kg7 e4 77. Kh6 h4 78. gxh4 gxh4 79. Kh5 e3 80.
Kxh4 e2 81. Rb1 Kf4 82. Kh3 Kf3 83. Kh2 Kf2 84. Kh3 e1=Q 85. Rxe1 Kxe1 1/2-1/2

[Event "Gelfand Challenge 2021"]
[Site "chess24.com INT"]
[Date "2021.06.13"]
[Round "19.3"]
[White "Yoo, Christopher Woojin"]
[Black "Abdumalik, Zhansaya"]
[Result "1-0"]
[WhiteTitle "IM"]
[BlackTitle "IM"]
[WhiteElo "2457"]
[BlackElo "2472"]
[WhiteFideId "30909694"]
[BlackFideId "13703544"]
[EventDate "2021.06.10"]

1. e4 c5 2. Nf3 Nc6 3. Nc3 e6 4. d4 cxd4 5. Nxd4 Nf6 6. Nxc6 bxc6 7. e5 Nd5 8.
Ne4 Qc7 9. f4 Qb6 10. c4 Bb4+ 11. Ke2 f5 12. exf6 Nxf6 13. Be3 Qa6 14. Nxf6+
gxf6 15. Kf2 Qa5 16. c5 O-O 17. Qc2 Qd8 18. Bd3 f5 19. Rhf1 Ba5 20. Kg1 Bc7 21.
Bd4 Qh4 22. Rf3 Rb8 23. Raf1 Rf7 24. Rh3 Qe7 25. Rff3 d6 26. Qc3 e5 27. cxd6
Bxd6 28. fxe5 Bb4 29. Qxc6 Qd7 30. Qxd7 Rxd7 31. Rhg3+ Kh8 32. Bf2 Bb7 33. e6
Rd6 34. Rxf5 Be4 35. Rb5 Rxb5 36. Bxb5 Rd1+ 37. Bf1 Bd5 38. Rg4 a5 39. a3 Be7
40. b4 axb4 41. axb4 h5 42. Bd4+ Kh7 43. Rg7+ Kh6 44. Rxe7 Bc4 45. Be3+ Kg6 46.
Rf7 Bxe6 47. Rf4 Rb1 48. b5 1-0

[Event "Gelfand Challenge 2021"]
[Site "chess24.com INT"]
[Date "2021.06.13"]
[Round "19.4"]
[White "Gukesh, D"]
[Black "Lei, Tingjie"]
[Result "1-0"]
[WhiteTitle "GM"]
[BlackTitle "GM"]
[WhiteElo "2578"]
[BlackElo "2505"]
[WhiteFideId "46616543"]
[BlackFideId "8605114"]
[EventDate "2021.06.10"]

1. d4 Nf6 2. Nf3 d5 3. Bf4 e6 4. e3 Bd6 5. Nbd2 O-O 6. Bd3 b6 7. Ne5 c5 8. c3
Qc7 9. h4 Nbd7 10. Ndf3 Ne4 11. Ng5 Nxe5 12. dxe5 Bxe5 13. Qh5 h6 14. Nxe6 fxe6
15. Bxe5 Qf7 16. Qxf7+ Rxf7 17. f3 Nf6 18. O-O-O a5 19. Bg6 Rb7 20. g4 Nh7 21.
Bc2 Bd7 22. g5 h5 23. g6 Nf6 24. Rhg1 Bb5 25. Rd2 Rf8 26. e4 Bc6 27. exd5 Bxd5
28. Bd6 Rd8 29. Bh2 Rbd7 30. Rf1 Bxa2 31. Rxd7 Rxd7 32. Be5 Bc4 33. Re1 b5 34.
b3 Bd5 35. Re3 Bc6 36. Bxf6 gxf6 37. Rxe6 Bxf3 38. Rxf6 Bg4 39. Ra6 a4 40. bxa4
bxa4 41. Rxa4 Kg7 42. Ra5 Rc7 43. Ra6 Bf3 44. Kd2 Rd7+ 45. Ke3 Bd1 46. Bf5 Re7+
47. Kf4 Be2 48. Rc6 c4 49. Rd6 Rc7 50. Ke5 Bd3 51. Bxd3 cxd3 52. Rxd3 Rc4 53.
Kf5 Rc5+ 54. Ke6 Rc4 55. Rh3 Kxg6 56. Kd5 Rc8 57. Rg3+ Kf5 58. c4 Rd8+ 59. Kc5
Rc8+ 60. Kd4 Rd8+ 61. Kc3 Rd1 62. Rg5+ Kf6 63. Rxh5 Rh1 64. Kb4 Kg6 65. Rg5+ Kf6
66. Rg4 Kf5 67. Rd4 Ke5 68. Kc5 1-0